The State of the world's children 2005 (Record no. 6935)

MARC details
000 -BAŞLIK
Sabit Uzunlukta Kontrol Alanı 00727na a2200253 4500
001 - KONTROL NUMARASI
Denetim Alanı 20109
003 - KONTROL NUMARASI IDENTIFIER
Denetim Alanı MIRAKIL
005 - SON İŞLEM TARİHİ VE ZAMANI
Denetim Alanı 20181213155124.0
008 - SABİT-BOY VERİ ELEMANLARI - GENEL BİLGİLER
Sabit Uzunlukta Kontrol Alanı 170104b tu 000 0
020 ## - ULUSLARARASI STANDART KİTAP NUMARASI
Uluslararası Standart Kitap Numarası 9280638173
040 ## - KATALOGLAMA KAYNAK
Orijinal Kataloglama Ajansı Milas
Kataloglama Dili tur
Metne Dönüştürmek Ajansı TR-AnCHP
041 ## - DİL KODU
Metin / Ses Parça Veya Ayrı Başlığın Dil Kodu eng
082 ## - DEWEY ONLU SINIFLANDIRMA NUMARASI
Sınıflandırma Numarası 362.7
Ürün Numarası S72 2004
090 ## - SINIFLAMA NUMARASI
Sınıflama Numarası 362.7 S72 2004
245 ## - BAŞLIK TABLOSU
Başlık The State of the world's children 2005
Sorumluluk Tablosu, Vb UNICEF
260 ## - YAYIN, DAĞITIM, VB
Yayın, Dağıtım, Vb Yeri New York
Yayıncı, Dağıtıcı, Vs Adı UNICEF
Yayın, Dağıtım, Vb Tarihi 2004
300 ## - FİZİKSEL TANIM
Kapsam 151 s.
Diğer Fiziksel Ayrıntıları res.; tbl.; grf.
Boyutlar 28 sm.
504 ## - KAYNAKÇA VB NOT
Kaynakça Vb Notu Dizin var.
650 ## - KONU KATMA GİRİŞ - TOPİKAL DÖNEM
Topikal Süreli Veya Coğrafi Ad Giriş Elemanı Dünya çocukları
Genel Alt Bölümü Sorunlar
Kronolojik Alt Bölümü Raporlar
650 ## - KONU KATMA GİRİŞ - TOPİKAL DÖNEM
Topikal Süreli Veya Coğrafi Ad Giriş Elemanı Toplumsal hizmetler
Genel Alt Bölümü Çocuklar
710 ## - KATMA GİRİŞ - KURUMSAL ADI
Giriş Elemanı Olarak Kurumsal Ad Veya Yargı Alanı Adı United Nations Children's Fund (UNICEF)
942 ## - EKLENDİ GİRİŞ ELEMANLARI (KOHA)
Sınıflandırma Veya Raf Düzeni Kaynak
Koha Öğesi Türü Books
999 ## - SİSTEM KONTROL NUMARALARI (KOHA)
Koha Biblionumber 6935
Koha Biblioitemnumber 6935
657 ## - INDEX SÜRE - İŞLEVİ
-- Dünya çocuklarının durumu
Holdings
Kalıcı Konum Mevcut Konum Edinme Tarihi Edinim Kaynak Toplam Check-Out'Lar Tam Çağrı Numarası Barkod Tarih Son Görülme İtibaren Geçerli Fiyatlar Koha Öğesi Türü Kopya Sayısı
CHP Kütüphanesi CHP Kütüphanesi 01/04/2017 Bağış   362.7 S72 2004 010469 01/04/2017 01/04/2017 Books  
CHP Kütüphanesi CHP Kütüphanesi 01/04/2017 Bağış   362.7 S72 2004 010487 01/04/2017 01/04/2017 Books k.2